| 000 | 00000nam##2200000za#4500 |
| 001 | 9.639684 |
| 003 | CaOODSP |
| 005 | 20220107134005 |
| 007 | cr ||||||||||| |
| 008 | 150407|1994||||xxc|||||o f|0| 0 fre|d |
| 040 | |aCaOODSP|bfre |
| 043 | |an-cn--- |
| 086 | 1 |aH72-21/119-1994F-PDF |
| 110 | 2 |aCentre national d'information sur la violence dans la famille (Canada) |
| 245 | 10|aViolence familiale : |h[ressource électronique]|batelier de sensibilisation du personnel en milieu de travail : un guide pour les gens qui veulent se réunir afin de discuter des probèmes de violence familiale |
| 246 | 1 |iTitre de renvoi : |aAtelier de sensibilisation du personnel en milieu de travail - violence familiale |
| 260 | |aOttawa - Ontario : |bSanté Canada. |c1994. |
| 300 | |a31p. |
| 500 | |aLe n° de catalogue (H72-21/119-1994F) et l'ISBN (0-662-99421-3) de l'édition imprimée ont été incorrectement copiés dans l'édition électronique. |
| 590 | |a12-08-Supp|b2012-03-16 |
| 691 | 07|aViolence familiale|2gcpds |
| 776 | 0#|tViolence familiale: atelier de sensibilisation du personnel en milieu de travail : |w(CaOODSP)9.679315 |
| 856 | 40|ahttp://publications.gc.ca|qPDF|s275 Ko|uhttps://publications.gc.ca/collections/Collection/H72-21-119-1994F.pdf |